Cutting edge, (Record no. 22208)
[ view plain ]
| 000 -LEADER | |
|---|---|
| fixed length control field | 01325nam a22003735a 4500 |
| 001 - CONTROL NUMBER | |
| control field | 016199694 |
| 003 - CONTROL NUMBER IDENTIFIER | |
| control field | EG-ScBUE |
| 005 - DATE AND TIME OF LATEST TRANSACTION | |
| control field | 20220525124411.0 |
| 006 - FIXED-LENGTH DATA ELEMENTS--ADDITIONAL MATERIAL CHARACTERISTICS--GENERAL INFORMATION | |
| fixed length control field | m||||f ||z 00| 0 |
| 008 - FIXED-LENGTH DATA ELEMENTS--GENERAL INFORMATION | |
| fixed length control field | 121023r20152013enka f 000 0 eng d |
| 020 ## - INTERNATIONAL STANDARD BOOK NUMBER | |
| International Standard Book Number | 9781447936930 |
| 020 ## - INTERNATIONAL STANDARD BOOK NUMBER | |
| International Standard Book Number | 9781447906612 (CD) |
| 040 ## - CATALOGING SOURCE | |
| Original cataloging agency | StDuBDS |
| Language of cataloging | eng |
| Description conventions | rda |
| Transcribing agency | StDuBDS |
| Modifying agency | EG-ScBUE |
| -- | EG-ScBUE |
| 082 04 - DEWEY DECIMAL CLASSIFICATION NUMBER | |
| Classification number | 428.240712 |
| Item number | GRE |
| Edition number | 22 |
| 100 1# - MAIN ENTRY--PERSONAL NAME | |
| Personal name | Greene, Stephen, |
| Relator term | author. |
| 9 (RLIN) | 38620 |
| 245 10 - TITLE STATEMENT | |
| Title | Cutting edge, |
| Name of part/section of a work | Pre-intermediate, |
| -- | Teacher's resource book with resource disc / |
| Statement of responsibility, etc | Stephen Greene, Sarah Cunningham, Peter Moor. |
| 250 ## - EDITION STATEMENT | |
| Edition statement | Third edition, |
| Remainder of edition statement | Third impression. |
| 264 #1 - PUBLICATION, DISTRIBUTION, ETC. (IMPRINT) | |
| Place of publication, distribution, etc | Harlow, England : |
| Name of publisher, distributor, etc | Pearson Education Limited, |
| Date of publication, distribution, etc | 2015. |
| 300 ## - PHYSICAL DESCRIPTION | |
| Extent | 103 pages : |
| Other physical details | illustrations ; |
| Dimensions | 30 cm + |
| Accompanying material | 1 DVD |
| 336 ## - CONTENT TYPE | |
| Source | rdacontent |
| Content type term | text |
| Content type code | txt |
| 336 ## - CONTENT TYPE | |
| Source | rdacontent |
| Content type term | spoken word |
| Content type code | spw |
| 337 ## - MEDIA TYPE | |
| Source | rdamedia |
| Media type term | unmediated |
| Media type code | n |
| 337 ## - MEDIA TYPE | |
| Source | rdamedia |
| Media type term | video |
| Media type code | v |
| 338 ## - CARRIER TYPE | |
| Source | rdacarrier |
| Carrier type term | volume |
| Carrier type code | nc |
| 338 ## - CARRIER TYPE | |
| Source | rdacarrier |
| Carrier type term | videodisc |
| Carrier type code | vd |
| 650 #7 - SUBJECT ADDED ENTRY--TOPICAL TERM | |
| Topical term or geographic name as entry element | English language |
| General subdivision | Study and teaching (Secondary) |
| -- | Foreign speakers. |
| Source of heading or term | BUEsh |
| 9 (RLIN) | 7782 |
| 651 ## - SUBJECT ADDED ENTRY--GEOGRAPHIC NAME | |
| Source of heading or term | BUEsh |
| 653 ## - INDEX TERM--UNCONTROLLED | |
| Arrived date list | August 2016 |
| Resource For college | Nursing |
| 653 ## - INDEX TERM--UNCONTROLLED | |
| Arrived date list | October2016 |
| Resource For college | Nursing |
| -- | Humanities: English |
| 655 ## - INDEX TERM--GENRE/FORM | |
| Form subdivision | Text book |
| 9 (RLIN) | 33728 |
| 700 1# - ADDED ENTRY--PERSONAL NAME | |
| Personal name | Cunningham, Sarah, |
| Relator term | author. |
| 700 1# - ADDED ENTRY--PERSONAL NAME | |
| Personal name | Moor, Peter, |
| Relator term | author. |
| 942 ## - ADDED ENTRY ELEMENTS (KOHA) | |
| Source of classification or shelving scheme | Dewey Decimal Classification |
| Koha item type | Book - Teacher Resource |
| Withdrawn status | Lost status | Source of classification or shelving scheme | Damaged status | Not for loan | Collection code | Home library | Current library | Shelving location | Date acquired | Source of acquisition | Cost, normal purchase price | Total Checkouts | Total Renewals | Full call number | Barcode | Date last seen | Date checked out | Koha item type |
|---|---|---|---|---|---|---|---|---|---|---|---|---|---|---|---|---|---|---|
| Dewey Decimal Classification | Baccah | Central Library | Central Library | Second Floor | 23/08/2016 | Purchase | 290.00 | 1 | 1 | 428.240712 GRE | 000033303 | 15/07/2025 | 01/09/2016 | Book - Teacher Resource | ||||
| Dewey Decimal Classification | Baccah | Central Library | Central Library | Second Floor | 23/08/2016 | Purchase | 290.00 | 1 | 1 | 428.240712 GRE | 000033302 | 24/08/2022 | 01/09/2016 | CD | DVD - With Teacher Resource | ||||
| Dewey Decimal Classification | Baccah | Central Library | Central Library | Second Floor | 25/10/2016 | Purchase | 290.00 | 428.240712 GRE | 000034550 | 15/07/2025 | Book - Teacher Resource | |||||||
| Dewey Decimal Classification | Baccah | Central Library | Central Library | Second Floor | 25/10/2016 | Purchase | 290.00 | 428.240712 GRE | 000034556 | 24/08/2022 | CD | DVD - With Teacher Resource | |||||||
| Dewey Decimal Classification | Baccah | Central Library | Central Library | Second Floor | 25/10/2016 | Purchase | 290.00 | 428.240712 GRE | 000034555 | 15/07/2025 | Book - Teacher Resource | |||||||
| Dewey Decimal Classification | Baccah | Central Library | Central Library | Second Floor | 25/10/2016 | Purchase | 290.00 | 428.240712 GRE | 000034554 | 24/08/2022 | CD | DVD - With Teacher Resource |